[Event "EU-Cup 27th"]
[Site "Rogaska Slatina"]
[Date "2011.09.29"]
[Round "5"]
[White "Karkanaque, Ilir"]
[Black "Adamcik, Robert"]
[Result "1-0"]
[WhiteElo "2377"]
[BlackElo "2046"]
[PlyCount "107"]
[EventDate "2011.09.25"]
[EventType "team-swiss"]
[EventRounds "7"]
[EventCountry "SLO"]
[SourceTitle "CBM 145"]
[Source "ChessBase"]
[SourceDate "2011.11.11"]
[SourceVersion "1"]
[SourceVersionDate "2011.11.11"]
[SourceQuality "1"]
[WhiteTeam "Butrinti"]
[BlackTeam "Cadca"]
[WhiteTeamCountry "ALB"]
[BlackTeamCountry "SVK"]

1. Nf3 d5 2. d4 Nf6 3. c4 dxc4 4. e3 e6 5. Bxc4 c5 6. 0-0 Nc6 7. Qe2 cxd4 8. Rd1 Be7 9. exd4 0-0 10. Nc3 Nb4 11. Ne5 a6 12. a3 Nbd5 13. Qf3 Qd6 14. Bg5 Ra7 15. Rac1 b5 16. Bxd5 exd5 17. Bxf6 Bxf6 18. Qxd5 Qb6 19. Ne4 Rd8 20. Qc6 Rb7 21. Qxb6 Rxb6 22. Rc6 Rxc6 23. Nxc6 Rd7 24. Nxf6+ gxf6 25. f3 Bb7 26. Nb4 Kf8 27. Kf2 Ke7 28. Nc2 Kd6 29. Ne3 Rc7 30. Kg3 Bc8 31. Kf4 Bd7 32. Rd2 Rc6 33. Ke4 a5 34. Rc2 f5+ 35. Kd3 Rxc2 36. Nxc2 Bc8 37. b4 a4 38. f4 Bb7 39. Ne3 Be4+ 40. Kc3 Ke6 41. g3 h5 42. d5+ Kd6 43. Kd4 Bb1 44. Nd1 Ba2 45. Nc3 Bc4 46. Nxa4 Bxd5 47. Nc5 Bc6 48. Nd3 f6 49. Nf2 Bb7 50. Nd1 Bf3 51. Ne3 Be4 52. g4 hxg4 53. Nxg4 Ke6 54. Nf2 1-0

[Event "EU-Cup 27th"]
[Site "Rogaska Slatina"]
[Date "2011.09.28"]
[Round "4"]
[White "Babrauskas, Darius"]
[Black "Karkanaque, Ilir"]
[Result "1/2-1/2"]
[WhiteElo "2076"]
[BlackElo "2377"]
[PlyCount "60"]
[EventDate "2011.09.25"]
[EventType "team-swiss"]
[EventRounds "7"]
[EventCountry "SLO"]
[SourceTitle "CBM 145"]
[Source "ChessBase"]
[SourceDate "2011.11.11"]
[SourceVersion "1"]
[SourceVersionDate "2011.11.11"]
[SourceQuality "1"]
[WhiteTeam "Vilnius"]
[BlackTeam "Butrinti"]
[WhiteTeamCountry "LTU"]
[BlackTeamCountry "ALB"]

1. e4 e5 2. Nf3 Nf6 3. Nxe5 d6 4. Nf3 Nxe4 5. d4 d5 6. Bd3 Nc6 7. 0-0 Be7 8. Re1 Bg4 9. Bxe4 dxe4 10. Rxe4 f5 11. Re1 Bxf3 12. Qxf3 Nxd4 13. Qd3 Qd7 14. Bg5 Nc6 15. Qxd7+ Kxd7 16. Bxe7 Rhe8 17. Nc3 Rxe7 18. Rad1+ Kc8 19. Nd5 Rxe1+ 20. Rxe1 Kd7 21. Rd1 Rd8 22. Nf6+ Ke7 23. Rxd8 Kxd8 24. Nxh7 Nb4 25. Kf1 Nxc2 26. Ng5 Nd4 27. Ke1 Ke7 28. Kd2 Ne6 29. Nxe6 Kxe6 30. Ke3 c5 1/2-1/2

[Event "EU-Cup 27th"]
[Site "Rogaska Slatina"]
[Date "2011.09.27"]
[Round "3"]
[White "Karkanaque, Ilir"]
[Black "Reid, Vanessa"]
[Result "1-0"]
[WhiteElo "2377"]
[BlackElo "1832"]
[PlyCount "75"]
[EventDate "2011.09.25"]
[EventType "team-swiss"]
[EventRounds "7"]
[EventCountry "SLO"]
[SourceTitle "CBM 145"]
[Source "ChessBase"]
[SourceDate "2011.11.11"]
[SourceVersion "1"]
[SourceVersionDate "2011.11.11"]
[SourceQuality "1"]
[WhiteTeam "Butrinti"]
[BlackTeam "Nidum"]
[WhiteTeamCountry "ALB"]
[BlackTeamCountry "WLS"]

1. Nf3 Nf6 2. c4 e6 3. g3 Be7 4. Bg2 0-0 5. 0-0 d5 6. d4 dxc4 7. Qc2 b5 8. a4 b4 9. Bg5 Ba6 10. Nbd2 b3 11. Qc1 Nd5 12. Bxe7 Qxe7 13. Nxc4 Nc6 14. Ncd2 Ncb4 15. Qd1 Nc2 16. Nxb3 Nxa1 17. Nc5 Nb4 18. Nxa6 Nxa6 19. Ne5 c5 20. Bxa8 Rxa8 21. Qxa1 cxd4 22. Rd1 Qc5 23. Nd3 Qd6 24. b4 Rd8 25. b5 Nb4 26. Qa3 Nxd3 27. Qxd6 Rxd6 28. Rxd3 Kf8 29. f4 Ke7 30. Kf2 f6 31. Rb3 Kd7 32. a5 Kc7 33. Kf3 Rd5 34. Ke4 f5+ 35. Kd3 e5 36. Kc4 Kd6 37. fxe5+ Kxe5 38. b6 1-0

[Event "EU-Cup 26th"]
[Site "Plovdiv"]
[Date "2010.10.18"]
[Round "2.2"]
[White "Ledger, Andrew"]
[Black "Karkanaque, Ilir"]
[Result "0-1"]
[WhiteElo "2430"]
[BlackElo "2377"]
[PlyCount "72"]
[EventDate "2010.10.17"]
[EventType "team-swiss"]
[EventRounds "7"]
[EventCountry "BUL"]
[SourceTitle "CBM 139"]
[Source "ChessBase"]
[SourceDate "2010.11.18"]
[SourceVersion "1"]
[SourceVersionDate "2010.11.18"]
[SourceQuality "1"]
[WhiteTeam "Betsson.com"]
[BlackTeam "Butrinti"]
[WhiteTeamCountry "ENG"]
[BlackTeamCountry "ALB"]

1. d4 d5 2. c4 dxc4 3. e4 b5 4. a4 c6 5. b3 e6 6. Nf3 Nf6 7. e5 Nd5 8. bxc4 bxc4 9. Bxc4 Ba6 10. Nbd2 Qa5 11. Qc2 Nb6 12. Bxa6 Qxa6 13. Ba3 h6 14. h4 Nd5 15. Bxf8 Kxf8 16. Nc4 Nd7 17. 0-0 c5 18. Rfd1 cxd4 19. Rxd4 Rc8 20. Qb3 g6 21. Nd6 Rb8 22. Qa3 Kg7 23. Nb5 Rhc8 24. Rc1 Rxc1+ 25. Qxc1 Rc8 26. Qe1 Rc5 27. h5 Nf8 28. Qd2 gxh5 29. Kh2 Ng6 30. g3 Qb6 31. Nd6 Qc6 32. Qe2 Rc2 33. Rd2 Rxd2 34. Nxd2 Qxa4 35. Qxh5 Qd4 36. Ne8+ Kf8 0-1

[Event "EU-Cup 25th"]
[Site "Ohrid"]
[Date "2009.10.07"]
[Round "4.2"]
[White "Schaufelberger, Heinz"]
[Black "Karkanaque, Ilir"]
[Result "0-1"]
[WhiteElo "2270"]
[BlackElo "2382"]
[PlyCount "80"]
[EventDate "2009.10.04"]
[EventType "team-swiss"]
[EventRounds "7"]
[EventCountry "MKD"]
[SourceTitle "CBM 133"]
[Source "ChessBase"]
[SourceDate "2009.11.19"]
[SourceVersion "1"]
[SourceVersionDate "2009.11.19"]
[SourceQuality "1"]
[WhiteTeam "Niederrohrdorf"]
[BlackTeam "Butrinti"]
[WhiteTeamCountry "SUI"]
[BlackTeamCountry "ALB"]

1. d4 Nf6 2. Nf3 e6 3. e3 c5 4. Bd3 b6 5. 0-0 Be7 6. c4 Bb7 7. Nc3 a6 8. Re1 cxd4 9. exd4 d5 10. cxd5 Nxd5 11. a3 Nd7 12. Qe2 0-0 13. Bd2 N7f6 14. Ne5 b5 15. Ne4 Qb6 16. Nxf6+ Nxf6 17. Be3 Qd6 18. a4 Qd5 19. f3 Bb4 20. Rec1 bxa4 21. Rxa4 a5 22. Raa1 Qd6 23. Nc4 Qd8 24. Bf2 g6 25. Qe5 Nd5 26. h4 Be7 27. Qg3 Bf6 28. Be4 a4 29. h5 Bg7 30. Nd6 Qb6 31. Rc4 Ra7 32. Nxb7 Qxb7 33. Rcxa4 Rxa4 34. Rxa4 Qxb2 35. Bxd5 exd5 36. Qg5 Qb1+ 37. Kh2 Qc2 38. h6 Bxh6 39. Qxh6 Qxa4 40. Qf4 Qc6 0-1

[Event "Belgrade Trophy 18th"]
[Site "Obrenovac"]
[Date "2005.11.29"]
[Round "8"]
[White "Karkanaque, Ilir"]
[Black "Bergsson, Snorri"]
[Result "1/2-1/2"]
[WhiteElo "2385"]
[BlackElo "2259"]
[PlyCount "73"]
[EventDate "2005.11.22"]
[EventType "swiss"]
[EventRounds "9"]
[EventCountry "YUG"]
[SourceTitle "CBM 109 Extra"]
[Source "ChessBase"]
[SourceDate "2006.01.03"]
[SourceVersion "2"]
[SourceVersionDate "2006.01.03"]
[SourceQuality "1"]

1. Nf3 d5 2. d4 Nf6 3. c4 dxc4 4. e3 e6 5. Bxc4 c5 6. 0-0 a6 7. a4 Nc6 8. Qe2 cxd4 9. Rd1 Be7 10. exd4 0-0 11. Nc3 Nb4 12. Ne5 b6 13. Bg5 Re8 14. Bb3 Nfd5 15. Nxd5 exd5 16. Bd2 Bb7 17. Qf3 f6 18. Ng4 Qd7 19. Ne3 Rad8 20. h4 Rf8 21. g3 Rf7 22. h5 f5 23. Bxb4 Bxb4 24. Ng2 f4 25. Nxf4 Bd6 26. Bxd5 Bxd5 27. Qxd5 Bxf4 28. Qxd7 Rfxd7 29. gxf4 Rxd4 30. Rxd4 Rxd4 31. a5 Rb4 32. axb6 Rxb6 33. Kg2 Kf7 34. Kf3 h6 35. b4 Rxb4 36. Rxa6 Rb5 37. Kg4 1/2-1/2

[Event "Olympiad-36"]
[Site "Mallorca"]
[Date "2004.10.26"]
[Round "11"]
[White "Erturan, Yakup"]
[Black "Karkanaque, Ilir"]
[Result "1/2-1/2"]
[WhiteElo "2281"]
[BlackElo "2382"]
[PlyCount "33"]
[EventDate "2004.10.15"]
[EventType "team-swiss"]
[EventRounds "14"]
[EventCountry "ESP"]
[SourceTitle "CBM 104"]
[Source "ChessBase"]
[SourceDate "2005.01.27"]
[SourceVersion "1"]
[SourceVersionDate "2005.01.27"]
[SourceQuality "1"]
[WhiteTeam "Turkey"]
[BlackTeam "Albania"]
[WhiteTeamCountry "TUR"]
[BlackTeamCountry "ALB"]

1. e4 e5 2. Nf3 Nf6 3. Nxe5 d6 4. Nf3 Nxe4 5. Nc3 Nxc3 6. dxc3 Be7 7. Bf4 Nc6 8. Qd2 Bg4 9. Be2 Qd7 10. 0-0-0 0-0-0 11. h3 Be6 12. Kb1 a6 13. Rhe1 h6 14. h4 Bf6 15. g3 Rhe8 16. Nd4 Nxd4 17. cxd4 1/2-1/2

[Event "Olympiad-36"]
[Site "Mallorca"]
[Date "2004.10.19"]
[Round "5"]
[White "Karkanaque, Ilir"]
[Black "Monell Camarasa, David"]
[Result "1-0"]
[WhiteElo "2382"]
[BlackElo "2263"]
[PlyCount "109"]
[EventDate "2004.10.15"]
[EventType "team-swiss"]
[EventRounds "14"]
[EventCountry "ESP"]
[SourceTitle "CBM 104"]
[Source "ChessBase"]
[SourceDate "2005.01.27"]
[SourceVersion "1"]
[SourceVersionDate "2005.01.27"]
[SourceQuality "1"]
[WhiteTeam "Albania"]
[BlackTeam "Andorra"]
[WhiteTeamCountry "ALB"]
[BlackTeamCountry "AND"]

1. Nf3 d5 2. d4 Nf6 3. c4 c6 4. Nc3 dxc4 5. a4 Bf5 6. Ne5 Nbd7 7. Nxc4 Nb6 8. Ne3 Be6 9. g3 a5 10. Bg2 g6 11. 0-0 Bg7 12. Nc2 h5 13. Bg5 Nh7 14. Bf4 g5 15. Be3 h4 16. Ne4 Bd5 17. Qd3 e6 18. Nc3 Bxg2 19. Kxg2 g4 20. f3 Nf6 21. Bg5 Nbd5 22. e4 Nh5 23. Bxd8 Nhf4+ 24. gxf4 Nxf4+ 25. Kh1 Nxd3 26. Bg5 g3 27. Be3 Nxb2 28. Bg1 0-0-0 29. hxg3 hxg3+ 30. Kg2 Rdg8 31. Ne2 Bf6 32. f4 Bh4 33. Rf3 Nc4 34. Rd1 Nd6 35. Nc3 f5 36. e5 Nc4 37. Ne3 Nb6 38. Rb1 Kc7 39. Rff1 Be7 40. Rfc1 Rd8 41. d5 exd5 42. Nxf5 Bb4 43. Nb5+ Kb8 44. Bxb6 Rdf8 45. Nbd4 Rh2+ 46. Kf3 g2 47. Rg1 c5 48. Rxb4 cxb4 49. e6 b3 50. e7 Rg8 51. Ne2 b2 52. Bd4 Rh5 53. Ng7 Rh3+ 54. Kf2 Rh1 55. Bxb2 1-0

[Event "MNT op 5th"]
[Site "Sozina"]
[Date "2004.02.20"]
[Round "3"]
[White "Parligras, Mircea Emilian"]
[Black "Karkanaque, Ilir"]
[Result "1-0"]
[WhiteElo "2539"]
[BlackElo "2393"]
[PlyCount "73"]
[EventDate "2004.02.18"]
[EventType "swiss"]
[EventRounds "9"]
[EventCountry "MNE"]
[SourceTitle "CBM 098 Extra"]
[Source "ChessBase"]
[SourceDate "2004.03.10"]
[SourceVersion "2"]
[SourceVersionDate "2004.03.10"]
[SourceQuality "1"]

1. e4 e5 2. Nf3 Nf6 3. d4 Nxe4 4. Bd3 d5 5. Nxe5 Bd6 6. 0-0 0-0 7. c4 Bxe5 8. dxe5 Nc6 9. cxd5 Qxd5 10. Qc2 Nb4 11. Bxe4 Nxc2 12. Bxd5 Bf5 13. g4 Bxg4 14. Be4 Nxa1 15. Bf4 f5 16. Bd5+ Kh8 17. Rc1 Rad8 18. Nc3 c6 19. Bg2 h6 20. h4 Bh5 21. Rxa1 Rd4 22. Be3 Rxh4 23. Bxa7 Re8 24. Re1 Rb4 25. b3 b6 26. Rb1 Ra8 27. a3 Rg4 28. Bxb6 Rxa3 29. e6 Rg6 30. e7 Re6 31. Bc5 Ra5 32. b4 Rxc5 33. bxc5 Rxe7 34. Bxc6 Rc7 35. Rb6 Bf7 36. Nb5 Re7 37. Bf3 1-0

[Event "MNT op 5th"]
[Site "Sozina"]
[Date "2004.02.18"]
[Round "1"]
[White "Nestorovic, Lazar"]
[Black "Karkanaque, Ilir"]
[Result "0-1"]
[WhiteElo "1903"]
[BlackElo "2393"]
[PlyCount "58"]
[EventDate "2004.02.18"]
[EventType "swiss"]
[EventRounds "9"]
[EventCountry "MNE"]
[SourceTitle "CBM 098 Extra"]
[Source "ChessBase"]
[SourceDate "2004.03.10"]
[SourceVersion "2"]
[SourceVersionDate "2004.03.10"]
[SourceQuality "1"]

1. e4 e5 2. Nf3 Nf6 3. Nxe5 d6 4. Nf3 Nxe4 5. Nc3 Nxc3 6. dxc3 Be7 7. Be3 Nd7 8. Bc4 c6 9. 0-0 0-0 10. Re1 d5 11. Bd3 Nc5 12. Qd2 Nxd3 13. cxd3 Bf5 14. d4 Re8 15. h3 Be4 16. Qe2 Bd6 17. Nd2 Bg6 18. Qf3 Re6 19. g3 Qd7 20. Qg2 Rae8 21. Nf1 Be4 22. f3 Bd3 23. Qf2 Bxf1 24. Kxf1 Bxg3 25. Qxg3 Rxe3 26. Kf2 Qe6 27. Rxe3 Qxe3+ 28. Kg2 Qd2+ 29. Kg1 f6 0-1

[Event "Olympiad-35"]
[Site "Bled"]
[Date "2002.11.10"]
[Round "14.3"]
[White "Garcia Paolicchi, Raul"]
[Black "Karkanaque, Ilir"]
[Result "0-1"]
[WhiteElo "2269"]
[BlackElo "2375"]
[PlyCount "120"]
[EventDate "2002.10.26"]
[EventType "team-swiss"]
[EventRounds "14"]
[EventCountry "SLO"]
[SourceTitle "EXT 2003"]
[Source "ChessBase"]
[SourceDate "2002.11.25"]
[SourceVersion "1"]
[SourceVersionDate "2002.11.25"]
[SourceQuality "1"]
[WhiteTeam "Andorra"]
[BlackTeam "Albania"]
[WhiteTeamCountry "AND"]
[BlackTeamCountry "ALB"]

1. Nf3 c5 2. c4 Nf6 3. Nc3 d5 4. cxd5 Nxd5 5. d4 Nxc3 6. bxc3 g6 7. Bg5 Bg7 8. Qd2 Qa5 9. e3 Nc6 10. Rc1 cxd4 11. cxd4 Qxd2+ 12. Nxd2 h6 13. Bh4 g5 14. Bg3 0-0 15. Bc4 Bd7 16. Nb3 Rfc8 17. 0-0 Nb4 18. Nc5 Bc6 19. Rfd1 b5 20. Bb3 a5 21. a4 bxa4 22. Nxa4 Bd5 23. Bxd5 Nxd5 24. Kf1 f5 25. Ke2 f4 26. exf4 gxf4 27. Bh4 Rxc1 28. Rxc1 Bxd4 29. Kd3 Bf6 30. Bxf6 Nxf6 31. Rc4 e5 32. Rc5 Rd8+ 33. Ke2 Rd5 34. Rxd5 Nxd5 35. Kd3 Nf6 36. f3 Kf7 37. Kc4 Ke6 38. Nc3 h5 39. g3 Kf5 40. Kd3 Nh7 41. Ke2 Ng5 42. Na4 Ne6 43. Kf2 Ng5 44. Ke2 e4 45. fxe4+ Nxe4 46. Kf3 fxg3 47. hxg3 Ng5+ 48. Kg2 Kg4 49. Nc3 Nh7 50. Nd1 a4 51. Ne3+ Kg5 52. Nc2 Nf6 53. Kf3 Kf5 54. Na3 Ne4 55. Nc4 Ng5+ 56. Kg2 Ne6 57. Na3 Nd4 58. Kh3 Kg5 59. Kg2 Kg4 60. Nc4 Nc2 0-1

[Event "Olympiad-35"]
[Site "Bled"]
[Date "2002.11.02"]
[Round "8.2"]
[White "Karkanaque, Ilir"]
[Black "Spraggett, Kevin"]
[Result "1/2-1/2"]
[WhiteElo "2375"]
[BlackElo "2533"]
[PlyCount "64"]
[EventDate "2002.10.26"]
[EventType "team-swiss"]
[EventRounds "14"]
[EventCountry "SLO"]
[SourceTitle "EXT 2003"]
[Source "ChessBase"]
[SourceDate "2002.11.25"]
[SourceVersion "1"]
[SourceVersionDate "2002.11.25"]
[SourceQuality "1"]
[WhiteTeam "Albania"]
[BlackTeam "Canada"]
[WhiteTeamCountry "ALB"]
[BlackTeamCountry "CAN"]

1. Nf3 Nf6 2. c4 d6 3. d4 Nbd7 4. Nc3 c6 5. e4 e5 6. Be2 Be7 7. 0-0 0-0 8. Qc2 a6 9. Rd1 Qc7 10. Rb1 Re8 11. b4 exd4 12. Nxd4 Ne5 13. f3 h6 14. Bf1 Bf8 15. Kh1 Bd7 16. a4 Rad8 17. Bf4 Bc8 18. a5 g6 19. Na4 Qe7 20. Nb6 Nfd7 21. Nxd7 Bxd7 22. b5 axb5 23. cxb5 c5 24. Ne2 Ra8 25. Bd2 d5 26. Nf4 d4 27. Nd5 Qd6 28. Nb6 Rad8 29. Bf4 Qf6 30. Nd5 Qd6 31. Nb6 Qf6 32. Nd5 Qd6 1/2-1/2

[Event "Durres"]
[Site "Durres"]
[Date "2001.10.19"]
[Round "8"]
[White "Karkanaque, Ilir"]
[Black "Rajkovic, Dusan"]
[Result "1-0"]
[WhiteElo "2382"]
[BlackElo "2518"]
[PlyCount "109"]
[EventDate "2001.10.11"]
[EventType "tourn"]
[EventRounds "9"]
[EventCountry "ALB"]
[EventCategory "8"]
[SourceTitle "EXT 2002"]
[Source "ChessBase"]
[SourceDate "2001.11.25"]
[SourceVersion "1"]
[SourceVersionDate "2001.11.25"]
[SourceQuality "1"]

1. d4 Nf6 2. c4 e6 3. Nf3 b6 4. g3 Ba6 5. b3 b5 6. Bg2 bxc4 7. Ne5 Bb4+ 8. Kf1 c6 9. Nxc4 0-0 10. Bf3 d5 11. Ne5 Qb6 12. Nd3 Be7 13. Bb2 Ne4 14. Nc3 f5 15. Na4 Qa5 16. Nf4 Rf6 17. Nc5 Bc8 18. h4 Bd6 19. e3 Na6 20. a3 Qc7 21. Kg2 Naxc5 22. dxc5 Be5 23. Bxe5 Qxe5 24. Qd4 Qb8 25. Nd3 Qb5 26. b4 Nd2 27. a4 Qb8 28. Ne5 Nb3 29. Qc3 Nxa1 30. Nxc6 Qc7 31. Nd4 a6 32. Rxa1 Kh8 33. Rb1 e5 34. Nc2 Bb7 35. b5 d4 36. exd4 exd4 37. Nxd4 axb5 38. axb5 Bxf3+ 39. Qxf3 Rd8 40. Nc6 Rdf8 41. Re1 Qb7 42. Nd4 Qa7 43. b6 Qa5 44. Rc1 f4 45. Qc3 Qa2 46. g4 f3+ 47. Kg3 Qd5 48. c6 Qe5+ 49. Kh3 Rh6 50. Nxf3 Qf4 51. Qe3 Qd6 52. c7 Re6 53. c8Q Rxe3 54. fxe3 h5 55. b7 1-0

[Event "Durres"]
[Site "Durres"]
[Date "2001.10.13"]
[Round "3"]
[White "Karkanaque, Ilir"]
[Black "Rossi, Carlo"]
[Result "1/2-1/2"]
[WhiteElo "2382"]
[BlackElo "2352"]
[PlyCount "60"]
[EventDate "2001.10.11"]
[EventType "tourn"]
[EventRounds "9"]
[EventCountry "ALB"]
[EventCategory "8"]
[SourceTitle "EXT 2002"]
[Source "ChessBase"]
[SourceDate "2001.11.25"]
[SourceVersion "1"]
[SourceVersionDate "2001.11.25"]
[SourceQuality "1"]

1. d4 Nf6 2. Nf3 e6 3. g3 c5 4. Bg2 Qa5+ 5. c3 cxd4 6. Nxd4 Nc6 7. 0-0 a6 8. Nb3 Qc7 9. Bf4 d6 10. c4 Ne5 11. N1d2 Ng6 12. Rc1 Nxf4 13. gxf4 Be7 14. e3 0-0 15. Qf3 Rb8 16. Rc3 Bd7 17. Rfc1 Bc6 18. f5 e5 19. Qh3 a5 20. Nf1 a4 21. Nbd2 Qb6 22. R3c2 Kh8 23. Ng3 Bd7 24. Nde4 Rbc8 25. Nxf6 Bxf6 26. Ne4 Be7 27. Qf3 Bc6 28. Qe2 Bd7 29. Qf3 Bc6 30. Qe2 Bd7 1/2-1/2

[Event "Yerevan zt 1.5"]
[Site "Yerevan"]
[Date "2000.06.14"]
[Round "8"]
[White "Gurcan, Selim"]
[Black "Karkanaque, Ilir"]
[Result "1/2-1/2"]
[WhiteElo "2307"]
[BlackElo "2389"]
[PlyCount "41"]
[EventDate "2000.06.07"]
[EventType "swiss"]
[EventRounds "9"]
[EventCountry "ARM"]
[SourceTitle "CBM 078"]
[Source "ChessBase"]
[SourceDate "2000.10.18"]
[SourceVersion "1"]
[SourceVersionDate "2000.10.18"]
[SourceQuality "1"]

1. e4 e5 2. Nf3 Nf6 3. Nxe5 d6 4. Nf3 Nxe4 5. Bd3 Nf6 6. 0-0 Be7 7. c3 0-0 8. Bc2 Bg4 9. d4 Bh5 10. Bg5 Nbd7 11. Nbd2 Re8 12. Re1 c6 13. Bf5 Bg6 14. Bxg6 hxg6 15. Nc4 d5 16. Nce5 Nxe5 17. Nxe5 Nd7 18. Bxe7 Rxe7 19. Nxd7 Qxd7 20. Rxe7 Qxe7 21. Qe1 1/2-1/2

[Event "Olympiad-33"]
[Site "Elista"]
[Date "1998.10.12"]
[Round "13.3"]
[White "Karkanaque, Ilir"]
[Black "Gallagher, Joseph G"]
[Result "1/2-1/2"]
[WhiteElo "2395"]
[BlackElo "2525"]
[PlyCount "69"]
[EventDate "1998.09.29"]
[EventType "team-swiss"]
[EventRounds "13"]
[EventCountry "RUS"]
[SourceTitle "CBM 068"]
[Source "ChessBase"]
[SourceDate "1999.02.01"]
[SourceVersion "1"]
[SourceVersionDate "1999.02.01"]
[SourceQuality "1"]
[WhiteTeam "Albania"]
[BlackTeam "Switzerland"]
[WhiteTeamCountry "ALB"]
[BlackTeamCountry "SUI"]

1. d4 Nf6 2. c4 g6 3. Nc3 Bg7 4. e4 d6 5. f3 0-0 6. Be3 Nbd7 7. Bd3 c5 8. Nge2 cxd4 9. Nxd4 e6 10. 0-0 d5 11. exd5 exd5 12. Qd2 Ne5 13. c5 Nfd7 14. b4 Nxd3 15. Qxd3 Ne5 16. Qc2 Nc4 17. Bf2 Be6 18. Rfe1 Re8 19. Re2 Rc8 20. Rae1 Qd7 21. Qa4 Qc6 22. Qb5 Qxb5 23. Na4 Bd7 24. Nc3 Rxe2 25. Rxe2 Kf8 26. Nxd5 Rd8 27. Ne3 Nxe3 28. Bxe3 Re8 29. Kf2 Bxd4 30. Bxd4 Bc6 31. h4 h5 32. g3 f6 33. g4 Re3 34. Kxe3 Bd5 35. Kf4 1/2-1/2

[Event "Olympiad-33"]
[Site "Elista"]
[Date "1998.10.09"]
[Round "10.4"]
[White "Karkanaque, Ilir"]
[Black "Silva Sanchez, Carlos"]
[Result "0-1"]
[WhiteElo "2395"]
[BlackElo "2395"]
[PlyCount "74"]
[EventDate "1998.09.29"]
[EventType "team-swiss"]
[EventRounds "13"]
[EventCountry "RUS"]
[SourceTitle "CBM 068"]
[Source "ChessBase"]
[SourceDate "1999.02.01"]
[SourceVersion "1"]
[SourceVersionDate "1999.02.01"]
[SourceQuality "1"]
[WhiteTeam "Albania"]
[BlackTeam "Chile"]
[WhiteTeamCountry "ALB"]
[BlackTeamCountry "CHI"]

1. d4 Nf6 2. c4 g6 3. Nc3 Bg7 4. e4 d6 5. f3 0-0 6. Be3 Nc6 7. Nge2 e5 8. d5 Ne7 9. Qd2 c6 10. Nc1 cxd5 11. cxd5 Nh5 12. g4 Nf4 13. Nd3 f5 14. Rg1 fxg4 15. fxg4 g5 16. 0-0-0 Neg6 17. Kb1 Bd7 18. Rc1 Bf6 19. Nf2 Qe8 20. Nh1 Bd8 21. Ng3 Bxg4 22. Nb5 Qd7 23. Qb4 a6 24. Nxd6 Be7 25. Bc5 b5 26. Ngf5 Bxd6 27. Bxd6 Rxf5 28. exf5 Bxf5+ 29. Ka1 Nxd5 30. Qc5 Qe6 31. Rxg5 e4 32. a4 Rd8 33. Bh3 Bxh3 34. Rxd5 e3 35. Rd4 e2 36. Bg3 Rf8 37. Re1 bxa4 0-1

[Event "Olympiad-33"]
[Site "Elista"]
[Date "1998.10.06"]
[Round "8.4"]
[White "D'Amore, Carlo"]
[Black "Karkanaque, Ilir"]
[Result "1/2-1/2"]
[WhiteElo "2465"]
[BlackElo "2395"]
[PlyCount "85"]
[EventDate "1998.09.29"]
[EventType "team-swiss"]
[EventRounds "13"]
[EventCountry "RUS"]
[SourceTitle "CBM 068"]
[Source "ChessBase"]
[SourceDate "1999.02.01"]
[SourceVersion "1"]
[SourceVersionDate "1999.02.01"]
[SourceQuality "1"]
[WhiteTeam "Italy"]
[BlackTeam "Albania"]
[WhiteTeamCountry "ITA"]
[BlackTeamCountry "ALB"]

1. Nf3 Nf6 2. g3 d5 3. c4 e6 4. Bg2 Be7 5. 0-0 0-0 6. b3 c5 7. Bb2 Nc6 8. d3 b6 9. e3 Bb7 10. Qe2 dxc4 11. bxc4 Rc8 12. Nc3 Qc7 13. Rad1 Rfd8 14. Ne1 a6 15. f4 Na7 16. g4 b5 17. g5 Ne8 18. Ne4 bxc4 19. dxc4 Rxd1 20. Qxd1 Rd8 21. Qg4 Bf8 22. Rf2 Nc8 23. g6 Bxe4 24. gxf7+ Qxf7 25. Bxe4 Ncd6 26. Bxh7+ Kxh7 27. Qh4+ Kg8 28. Qxd8 Qg6+ 29. Rg2 Qe4 30. Nc2 Qxc4 31. Qa5 Ne4 32. Be5 Be7 33. h3 Bh4 34. Qb6 Bf2+ 35. Rxf2 Nxf2 36. Na3 Nxh3+ 37. Kh2 Qe2+ 38. Kxh3 Qf3+ 39. Kh2 Qf2+ 40. Kh1 Qf1+ 41. Kh2 Qf2+ 42. Kh3 Qf3+ 43. Kh2 1/2-1/2

[Event "Kastoria op 1st"]
[Site "Kastoria"]
[Date "1996.07.19"]
[Round "3.13"]
[White "Seitaj, Ilir"]
[Black "Karkanaque, Ilir"]
[Result "1/2-1/2"]
[WhiteElo "2410"]
[BlackElo "2002"]
[PlyCount "23"]
[EventDate "1996.07.17"]
[EventType "swiss"]
[EventRounds "9"]
[EventCountry "GRE"]
[SourceTitle "EXT 2024"]
[Source "ChessBase"]
[SourceDate "2023.10.10"]
[SourceVersion "1"]
[SourceVersionDate "2023.10.10"]
[SourceQuality "1"]

1. e4 e6 2. d4 d5 3. exd5 exd5 4. Nf3 Bd6 5. Bd3 Ne7 6. 0-0 0-0 7. Re1 Bf5 8. Bxf5 Nxf5 9. Nc3 c6 10. Ne2 Nd7 11. Bf4 Bxf4 12. Nxf4 1/2-1/2

[Event "Kastoria op 1st"]
[Site "Kastoria"]
[Date "1996.07.18"]
[Round "2.12"]
[White "Karkanaque, Ilir"]
[Black "Printezis, Antonios Georgios"]
[Result "1-0"]
[WhiteElo "2002"]
[BlackElo "1610"]
[PlyCount "59"]
[EventDate "1996.07.17"]
[EventType "swiss"]
[EventRounds "9"]
[EventCountry "GRE"]
[SourceTitle "EXT 2024"]
[Source "ChessBase"]
[SourceDate "2023.10.10"]
[SourceVersion "1"]
[SourceVersionDate "2023.10.10"]
[SourceQuality "1"]

1. d4 Nf6 2. c4 g6 3. Nc3 Bg7 4. e4 d6 5. f3 0-0 6. Be3 Nc6 7. Nge2 Rb8 8. Nc1 Na5 9. b4 Nc6 10. b5 Na5 11. Nb3 c5 12. dxc5 Nxb3 13. Qxb3 dxc5 14. Bxc5 Qc7 15. Bxa7 Ra8 16. Be3 Be6 17. Rc1 Qa5 18. Be2 Nd7 19. 0-0 Bxc3 20. Rxc3 Qxa2 21. Qxa2 Rxa2 22. Re1 f5 23. exf5 Rxf5 24. c5 Nf6 25. c6 bxc6 26. bxc6 Nd5 27. Bc4 Nxc3 28. Bxe6+ Kf8 29. Bxa2 Nxa2 30. c7 1-0